Score 0/31 Timer 04:00
0 Plays Today
% Correct
Batman
95.9%
X-Men
95%
Thor
89.3%
Superman
88.4%
Aquaman
88.4%
Catwoman
87.6%
The Riddler
87.6%
Lex Luthor
86%
The Avengers
83.5%
The Joker
81.8%
Black Manta
81.8%
Spiderman
81%
Fantastic Four
78.5%
Green Arrow
76.9%
Iron Man
75.2%
Nightwing
72.3%
% Correct
Wonder Woman
71.9%
Captain America
69.4%
The Flash (Barry Allen)
67.8%
Green Lantern (Hal Jordan)
66.9%
Black Canary
66.1%
The Flash (Wally West)
52.9%
Sinestro
47.1%
China White
35.5%
The Question
33.9%
The Hulk (Bruce Banner)
33.9%
The Atom
33.1%
Gorilla Grodd
31.4%
Deadpool
31.4%
Teen Titans
29.8%
Martian Manhunter
24.8%
Remove Ads.
Support Sporcle.
Get the best of Sporcle when you Go Orange. This ad-free experience offers more features, more stats, and more fun while also helping to support Sporcle. Thank you for becoming a member.

You're not logged in!

Compare scores with friends on all Sporcle quizzes.
OR
Log In

Show Comments

Extras

Top Quizzes Today


Score Distribution

Your Account Isn't Verified!

In order to create a playlist on Sporcle, you need to verify the email address you used during registration. Go to your Sporcle Settings to finish the process.

Report this User

Report this user for behavior that violates our Community Guidelines.

Details: